| 000 | 00447nam a22001697a 4500 | ||
|---|---|---|---|
| 003 | NUST - PNEC | ||
| 005 | 20170116180952.0 | ||
| 008 | 150908b xxu||||| |||| 00| 0 eng d | ||
| 020 | _a058208878X | ||
| 040 | _cLIBRARY | ||
| 082 | _a621.3815 LOV | ||
| 100 |
_99185 _a Loveday, George |
||
| 245 |
_aDigital and analogue electronics for HNC _cGeorge Loveday |
||
| 260 | _c1993 | ||
| 650 |
_99187 _aAmplifiers (Electronics) _xEL |
||
| 942 |
_2ddc _cBK |
||
| 999 |
_c66449 _d66449 |
||